| 000 | 00723nam a2200169 4500 | ||
|---|---|---|---|
| 008 | 240109b |||||||| |||| 00| 0 eng d | ||
| 020 | _a9551700163 | ||
| 082 |
_a324.6 _bPEO |
||
| 110 | _aPeople's Action for Free and Fair Elections (PAFFREL) | ||
| 245 |
_a Final report on the elections for the North-Central and Sabaragamuwa Provincial Councils : _b23rd August 2008 |
||
| 260 |
_aColombo: _bPeople's Action for Free and Fair Elections, _c2008 |
||
| 300 | _a 30 p. : ill., maps ; 31 cm | ||
| 650 | _aElection monitoring- Sri Lanka -North Central Province-Sabaragamuwa Province | ||
| 650 | _aElections Observation-Sri Lanka- North Central-Sabaragamuwa | ||
| 650 | _aProvincial Council Elections- Sri Lanka | ||
| 942 | _cRP | ||
| 999 |
_c4609 _d4609 |
||